000 00295 a2200121 4500
001 146575
040 _cEscola São Tomás de Aquino
100 _aJOLY, Fanny
240 1 0 _aQuem tem medo de fantasma?
_lpor
245 1 0 _aQuem tem medo de fantasma?
697 _a*LITERATURA INFANTO
942 _cBK
999 _c146575
_d146575